000 00917nam a2200241 i 4500
001 bg
245 0 0 _aEkonomiczne aspekty integracji europejskiej /
_cpod red. Jørgena Druda Hansena ; przeł. Wiktor Kisiel.
260 _aKraków :
_bOficyna Ekonomiczna. Oddział Polskich Wydawnictw Profesjonalnych,
_c2003.
300 _a295 s. ;
_c24 cm.
500 _aNa okł. podtyt.: ekonomiczne aspekty funkcjonowania Unii Europejskiej. - Strescz. ang.
504 _aBibliogr. - Indeks.
610 2 9 _aUnia Europejska
_xgospodarka
_xpolityka
650 9 _aIntegracja europejska
_xgospodarka
700 1 _aKISIEL, Wiktor.
_eTł.
020 _a8389355086
040 _cBPK
041 1 _apol
_heng
080 _a339.92(4-67)
920 _a83-89355-08-6
942 _cKS
008 s pl f |000 0 pol
999 _c43306
_d43306
856 _uhttp://koha.tu.koszalin.pl/cgi-bin/koha/opac-detail.pl?biblionumber=43306
_yKatalog online BPK